[Event "Adelaide Lidums op"]
[Site "Adelaide"]
[Date "2019.12.10"]
[Round "6"]
[White "He, Caleb"]
[Black "Bartley, George"]
[Result "1-0"]
[WhiteElo "1668"]
[BlackElo "1733"]
[PlyCount "117"]
[EventDate "2019.12.07"]
[EventType "swiss"]
[EventRounds "9"]
[EventCountry "AUS"]
[SourceTitle "CBM 193 Extra"]
[Source "ChessBase"]
[SourceDate "2020.01.31"]
[SourceVersion "1"]
[SourceVersionDate "2020.01.31"]
[SourceQuality "1"]

1. d4 Nf6 2. Bf4 d5 3. e3 c5 4. c3 e6 5. Nd2 Nc6 6. Ngf3 c4 7. Be2 Be7 8. Qc2 b5 9. 0-0 0-0 10. h3 a5 11. b3 cxb3 12. axb3 Qb6 13. Bd3 h6 14. Ne5 Nd7 15. Ndf3 Ndxe5 16. Nxe5 Nxe5 17. Bxe5 Bd7 18. Qe2 Rfc8 19. Rfc1 Bf8 20. Ra2 b4 21. c4 dxc4 22. Rxc4 Rxc4 23. Bxc4 a4 24. bxa4 b3 25. Rb2 Bxa4 26. Qd3 Ba3 27. Rb1 Rc8 28. Bxb3 Bb5 29. Qd2 Bc4 30. Ba2 Qc6 31. Bxc4 Qxc4 32. Rb8 Rxb8 33. Bxb8 Bc1 34. Qd1 Ba3 35. Kh2 Qb5 36. Bg3 Qc4 37. Qf3 Bc1 38. Qa8+ Kh7 39. Qf8 Kg6 40. Be5 f6 41. Qe8+ Kh7 42. Bg3 Bd2 43. Qf7 Be1 44. Bh4 Kh8 45. Bg3 Qd5 46. Qe8+ Kh7 47. Qa4 Qf5 48. Qa2 Qe4 49. Qe2 Bb4 50. Qc4 Be1 51. Qe2 Bb4 52. Qf3 Qd3 53. Qc6 Qf5 54. e4 Qg5 55. Qxe6 Bc3 56. d5 Qd2 57. d6 Ba5 58. d7 Qd4 59. Qf5+ 1-0

[Event "Adelaide Lidums op"]
[Site "Adelaide"]
[Date "2019.12.07"]
[Round "2"]
[White "Rahman, Raad"]
[Black "Bartley, George"]
[Result "0-1"]
[WhiteElo "1619"]
[BlackElo "1733"]
[PlyCount "44"]
[EventDate "2019.12.07"]
[EventType "swiss"]
[EventRounds "9"]
[EventCountry "AUS"]
[SourceTitle "CBM 193 Extra"]
[Source "ChessBase"]
[SourceDate "2020.01.31"]
[SourceVersion "1"]
[SourceVersionDate "2020.01.31"]
[SourceQuality "1"]

1. e4 c5 2. d4 cxd4 3. c3 dxc3 4. Nxc3 Nc6 5. Nf3 d6 6. Bc4 a6 7. 0-0 Nf6 8. Bf4 e6 9. Qe2 Be7 10. Rfd1 Qc7 11. Rac1 0-0 12. e5 dxe5 13. Nxe5 Bd6 14. Rxd6 Qxd6 15. Ng6 e5 16. Nxe5 Nxe5 17. Bxe5 Qe7 18. Nd5 Nxd5 19. Bxd5 Re8 20. f4 Be6 21. Rc7 Qb4 22. Bxe6 Rxe6 0-1